000 01016nam a22002777a 4500
005 20240530110451.0
008 150510s2012 ua ad g b 000 0 ara d
017 _a2011/21227
_bمصر . دار الكتب المصرية
020 _a9789774312423
040 _aEG-CaGPL
082 0 4 _221
_a370.1\
_bأ ق
100 0 _aايمن يسن
245 1 0 _aقضايا تربوية معاصرة /
_cايمن يسن
250 _aط1
260 _aالقاهرة :
_bمؤسسة طيبة للنشر و التوزيع ،
_c2012 .
300 _a213 ص ؛
_c24 سم .
490 _aسلسلة طيبة التربوية
504 _aيشتمل على ارجاعات ببليوجرافية
650 0 4 _aالتخطيط التربوى
650 0 4 _aالتعليم الالكترونى
650 0 4 _aالامتحانات
_xالغش
650 0 4 _aالتعليم
_xالبحوث التربوية
651 0 4 _aمصر
_xالتعليم الجامعى
942 _2ddc
_cBK
999 _c61242
_d61242